Statistiche per I sei paesi più vicini: Antigua e Barbuda

Clicka qui per fare il quiz!

Statistiche generali

  • Questo quiz è stato fatto 8 volte
  • Il punteggio medio è 4 su 6

Statistiche sulle risposte

kmpaese% Corretto
154Dominica
86%
500Grenada
86%
409Saint Vincent
e Grenadine
86%
68Saint Kitts e Nevis
71%
333Santa Lucia
57%
467Barbados
43%

Distribuzione punteggi

Percentile per numero di risposta

Percentuale di utenti per punteggio

I tuoi punteggi nel tempo

Non hai fatto questo quiz